| 000 | 01397cam a2200361 4500 | ||
|---|---|---|---|
| 999 |
_c372180 _d372180 |
||
| 001 | 1391142314 | ||
| 003 | DE-627 | ||
| 005 | 20230127132723.0 | ||
| 007 | tu | ||
| 008 | 100324s1930 xx ||||| 00| ||ger c | ||
| 015 |
_a00,L01 _2dnb |
||
| 016 | 7 |
_aL361126719 _2DE-101 |
|
| 035 | _a(DE-627)1391142314 | ||
| 035 | _a(DE-576)321142314 | ||
| 035 | _a(DE-599)BSZ321142314 | ||
| 035 | _a(OCoLC)72571484 | ||
| 040 |
_aDE-627 _bger _cDE-627 _erakwb _dDE-2950 |
||
| 041 | _ager | ||
| 245 | 1 | 0 |
_aVon Land und Leuten im Spreewald: _bdas Gesicht einer deutschen Landschaft / _c[hrsg. von Walther Feldweg]. Mit Zeichn. u. Aquarellen von Frieda Boehr u. 3 Skizzen von Paul Busch |
| 264 | 1 |
_aBerlin: _bVerl. Licht u. Schatten, _c1930. |
|
| 300 |
_a78 S., [3] Bl. : _bIll., Kt. |
||
| 336 |
_aText _btxt _2rdacontent |
||
| 337 |
_aohne Hilfsmittel zu benutzen _bn _2rdamedia |
||
| 338 |
_aBand _bnc _2rdacarrier |
||
| 500 | _aErscheint nicht im Buchhandel; hergest. anläßl. e. Lotterie zur Erhaltg d. Paul Gerhard Kirche in Lübben im Spreewald. - In Fraktur | ||
| 653 | _aSpreewald | ||
| 951 | _aBO | ||
| 700 | 1 |
_aFeldweg, Walther _eHrsg. _4edt |
|
| 700 | 1 |
_aBoehr, Frieda _eIll. _4ill |
|
| 700 | 1 |
_aBusch, Paul _eIll. _4ill |
|
| 776 | 0 | 8 |
_iOnline-Ausg. _tVon Land und Leuten im Spreewald _dBerlin : Verl. Licht u. Schatten, 1930 _h78 S., [3] Bl. _w(DE-627)165676203X _w(DE-576)494956224 |
| 942 |
_2z _cB |
||